00957nam a2200217Ia 4500003000900000008004100009020001800050040001600068080002000084111011300104245017500217260005000392490003900442650002200481650001600503650002500519700003300544942000700577999001700584952013800601IN-BaIIA211028s9999 xx 000 0 eng d a0-7354-0014-8 cIIA Library a523(082.2)bAST aConference on Astrophysical Sources for Ground Based Gravitational Wave DetectorscPhiladelphiad2000925758 0aAstrophysical sources for ground based gravitational wave detectorsbproceedings of conference held in Philadelphia, 30 October-1 November 2000cedited by J. M. Centrella aNew YorkbAmerican Institute of Physicsc2001 aAIP conference proceedings; v. 575 aAstrophysics9794 aGravitation aWave detector925759 aCentrella, J. M., ed.925760 cBK c14505d14505 00104070aBANbBANcGENd2002-02-19eEDS g6410.51l0o523(082.2)/ ASTp15427r2021-11-05v6410.51w2002-02-19yBKGRs. 6410.51